000 00469nam a2200205Ia 4500
003 OSt
005 20251127113457.0
008 250729s1972 xx 000 0 und d
020 _aP-A-SH-D57F4C
040 _cAL
041 _aeng
082 _a900 ALES
100 _aAlexeyev A
_9225086
245 _aA short history of the ussr
260 _aMoscow
_c1972
300 _a178p
650 _aHistory
_9225087
700 _aKartsov V
_9225088
942 _2ddc
_cBED
999 _c236740
_d236740